Methods in environmental analysis water soil and air / (Record no. 1599)

MARC details
000 -LEADER
fixed length control field 00453nam a2200157 4500
001 - CONTROL NUMBER
control field 2050
005 - DATE AND TIME OF LATEST TRANSACTION
control field 20181127164451.0
020 00 - INTERNATIONAL STANDARD BOOK NUMBER
International Standard Book Number 8177543083
090 00 - LOCALLY ASSIGNED LC-TYPE CALL NUMBER (OCLC); LOCAL CALL NUMBER (RLIN)
Classification number (OCLC) (R) ; Classification number, CALL (RLIN) (NR) 577.27 G9775m 2009
100 00 - MAIN ENTRY--PERSONAL NAME
Personal name Gupta, P. K.
245 00 - TITLE STATEMENT
Title Methods in environmental analysis water soil and air /
Remainder of title
Statement of responsibility, etc. P. K Gupta.
Medium
260 00 - PUBLICATION, DISTRIBUTION, ETC.
Place of publication, distribution, etc. Jodhpur :
Name of publisher, distributor, etc. Agrobios,
Date of publication, distribution, etc. 2009.
300 00 - PHYSICAL DESCRIPTION
Extent 443 p.
650 00 - SUBJECT ADDED ENTRY--TOPICAL TERM
Topical term or geographic name entry element Environmental analysis --India.
General subdivision
Topical term or geographic name entry element Environmental impact statements --India
General subdivision
Holdings
Withdrawn status Lost status Source of classification or shelving scheme Damaged status Not for loan Collection code Home library Current library Shelving location Date acquired Cost, normal purchase price Serial Enumeration / chronology Inventory number Full call number Barcode Date last seen Price effective from Koha item type Total Checkouts Copy number
    Dewey Decimal Classification     Main TEST RTC Library RTC Library Main opac 08/03/2022 795.00 3053 577.27 GUP 30003182 27/11/2018 27/11/2018 Main    
    Dewey Decimal Classification     Main TEST RTC Library RTC Library Main opac     11032 577.27 GUP 30011020 27/11/2018 27/11/2018 Main   2
    Dewey Decimal Classification     Main TEST RTC Library RTC Library Main opac     11033 577.27 GUP 30011044 27/11/2018 27/11/2018 Main   3
    Dewey Decimal Classification     Main TEST RTC Library RTC Library Main opac     11034 577.27 GUP 30011028 27/11/2018 27/11/2018 Main   4
Royal Thimphu College || All Right Reserved